| 000 | 00558nam a2200193 4500 | ||
|---|---|---|---|
| 999 |
_c165252 _d165252 |
||
| 005 | 20190612145236.0 | ||
| 010 | _aENG-125557 | ||
| 020 |
_a9789384340384 _c895.00 |
||
| 035 | _aEN-109089 | ||
| 037 | _bDBAD/PUB | ||
| 082 | _a394.26 | ||
| 100 | _aSingh, Abha | ||
| 245 |
_aFestivals of India / _cby Abha Singh |
||
| 260 |
_a Delhi _bYogi Publications _c2019 |
||
| 270 |
_a77/1, East Azad Nagar _bDelhi _e110032 _k7065961628, 9350345268 |
||
| 300 |
_aviii,288p. _c22cm(Hb) |
||
| 500 | _aIncludes index | ||
| 942 |
_2ddc _cEN _h394.26 _mSIN |
||